Classement des pilotes de F1 par nombre de Pole position - Statistiques

Statistiques générales
  • Ce quiz a été pris 180 fois
  • Le résultat moyen est 11 sur 15
Statistiques - réponses
Hint Réponse % Correct
1 Hamilton(104)
99%
7 Verstappen (32)
98%
2 Schumacher (68)
95%
6 Prost (33)
91%
3 Senna (65)
90%
4 Vettel (57)
90%
15 Alonso (22)
88%
14 Leclerc (23)
78%
9 Rosberg (30)
68%
12 Lauda (24)
64%
10 Fangio (29)
59%
11 Hakkinen (26)
53%
8 Mansell (32)
51%
13 Piquet (24)
47%
5 Clark (33)
37%
Aucun quiz correspondant
Distribution des résultats
% des personnes avec chaque résultat
Percentile par nombre de réponses
Votre historique - résultats
Vous n’avez pas pris ce quiz